Sports Quiz

Random Sports or Olympics Quiz

Best African Olympic Countries Quiz Stats

 Plays Quiz Updated Apr 4, 2019

Score 0/10 Timer 02:00
5 Plays Today
Rank Country % Correct
2.South Africa
97.8%
4.Egypt
93.2%
1.Kenya
91%
9.Nigeria
82.6%
3.Ethiopia
80.5%
5.Morocco
77.2%
6.Algeria
71.3%
10.Tunisia
58.9%
7.Zimbabwe
54.5%
8.Cameroon
48.1%

You're not logged in!

Compare scores with friends on all Sporcle quizzes.
OR
Log In

Sporcle TV

Today on Sporcle TV


Watch our educational content, quiz creation guides, and fun videos on Sporcle TV.

Show Comments

Extras

Top Quizzes Today


Score Distribution

Your Account Isn't Verified!

In order to create a playlist on Sporcle, you need to verify the email address you used during registration. Go to your Sporcle Settings to finish the process.

Report this User

Report this user for behavior that violates our Community Guidelines.

Details: